00939nam a2200229 a 4500001001000000003000500010005001700015008004100032010001100073011001100084040000900095100003500104245020800139260004100347500006000388502009600448650003100544650002000575650002500595650001900620856007000639000112465CHAP20220329144307.0160414s2016 mx a fsm |||||||spa d a108926 a109898 cCHAP1 aRivera Castillo, Victor Manuel10aImpacto de la proporción entre la pequeña y la gran producción, la productividad y los precios en el sector bovino lechero del Estado de Chihuahua/h[En línea]cpor Victor Manuel Rivera Castillo. aBermejillo, Dgo. :bEl autor,c2016. aPara ver el contenido del material haga clic en la liga aTesis (Ing. en Sistemas Pecuarios) -- UACH. Unidad Regional Universitaria de Zonas Áridas14aGanado lecherozChihuahua.14aLechexPrecios.14aLechexProducción.14aProductividad. aFinding aiduhttp://10.13.5.2/tesis/sist112465.pdfzTeclea aquí